Largest Stock Exchanges - Statistics

General Stats
  • This quiz has been taken 20 times
  • The average score is 5 of 17
Answer Stats
Market Cap Region Answer % Correct
$31T North America New York Stock Exchange
95%
$32T North America NASDAQ
79%
$3.14T Europe London Stock Exchange
68%
$6.41T Asia Hong Kong Stock Exchange
53%
$7.06T Asia Japan Exchange Group/Tokyo Stock Exchange
26%
$7.96T Asia Shanghai Stock Exchange
26%
$5.61T Europe Euronext
16%
$2.87T Asia Taiwan Stock Exchange
16%
$4.00T North America Toronto Stock Exchange
16%
$5.25T Asia Bombay Stock Exchange
11%
$2.04T Europe German Stock Exchange
11%
$5.32T Asia National Stock Exchange
11%
$1.97T Europe SIX Swiss Exchange
11%
$2.73T Middle East Saudi Exchange
5%
$5.11T Asia Shenzhen Stock Exchange
5%
$2.00T Middle East Tehran Stock Exchange
5%
$1.89T Oceana Australia Securities Exchange
0%
No matching quizzes found
Score Distribution
Percent of People with Each Score
Percentile by Number Answered
Your Score History
You have not taken this quiz